| 000 | 00571nam a22001937a 4500 | ||
|---|---|---|---|
| 003 | NUST | ||
| 005 | 20230906122751.0 | ||
| 008 | 190717b ||||| |||| 00| 0 eng d | ||
| 020 | _qHardcover. | ||
| 038 | _aMr. Zahoor | ||
| 082 | _a658 | ||
| 100 |
_aLatif, Aqsa Kiran _917849 |
||
| 245 |
_aEmotional Intelligence as a Moderator of Occupational Stress to Job Performance _cAqsa Kiran Latif |
||
| 260 |
_aIslamabad : _bNBS - NUST, _c2016. |
||
| 300 |
_ax, 70 p. ; _c30cm |
||
| 650 |
_aHRM - EMBA Thesis _917850 |
||
| 700 |
_aMr. Asad Amjad _917657 |
||
| 942 |
_2ddc _cTHE |
||
| 999 |
_c526854 _d526854 |
||